Google Maps Cities - Slovakia - Statistics

General Stats
  • This quiz has been taken 76 times
  • The average score is 6 of 6
Answer Stats
City % Correct
Bratislava
100%
Nitra
95%
Kosice
93%
Zilina
93%
Trencin
89%
Presov
88%
No matching quizzes found
Score Distribution
Percent of People with Each Score
Percentile by Number Answered
Your Score History
You have not taken this quiz